00906nam a2200205Ia 4500003000900000008004100009020003000050022002200080022002300102040001600125100002200141245007200163260013300235300002000368490002700388700002000415700001900435700002400454856022200478IN-BaIIA211028s9999 xx s 000 0 eng d a978-1-108-49213-3 (Print) a1743-9213 (Print) a1743-9221 (Online) cIIA Library ada Cunha, E., ed. 0aUncovering Early Galaxy Evolution in the ALMA and JWST Erah[eBook] aCambridge bCambridge University Press c2020 aOnline resource aIAU Symposium; no. 352 aAfonso, J., ed. aHodge, J., ed. aPentericci, L., ed. uhttps://www.cambridge.org/core/journals/proceedings-of-the-international-astronomical-union/issue/uncovering-early-galaxy-evolution-in-the-alma-and-jwst-era/E948747822E39361A90A7E27D9FA11CEyClick Here to Access eBook